| 000 | 00380nam a2200145 a 4500 | ||
|---|---|---|---|
| 001 | 5487 | ||
| 003 | CDMR | ||
| 005 | 20130322112008.0 | ||
| 008 | 130130s1980||||||||||||||||||||||||||||d | ||
| 020 | _a8474320992 | ||
| 040 |
_aCDMR _bcat _cCPC GIRONA |
||
| 245 | 0 | 0 |
_aPsicoanálisis y semiótica _cpor Armando Verdiglione... [et al.] |
| 260 |
_c1980 _bGedisa _aBarcelona |
||
| 942 |
_cMON _2udc |
||
| 999 |
_c5487 _d5487 |
||